Compo - France (2) 3-3 (4) Argentine 2022 - World Cup Final - Statistiques

Statistiques générales
  • Ce quiz a été pris 82 fois
  • Le résultat moyen est 10 sur 11
Statistiques - réponses
Joueur/Club % Correct
K. Mbappé
100%
O. Giroud
99%
H. Lloris
97%
A. Griezmann
96%
O. Dembélé
95%
A. Tchouaméni
93%
T. Hernandez
92%
D. Upamecano
89%
R. Varane
89%
A. Rabiot
86%
J. Koundé
82%
Aucun quiz correspondant
Distribution des résultats
% des personnes avec chaque résultat
Percentile par nombre de réponses
Votre historique - résultats
Vous n’avez pas pris ce quiz